| 000 | 00536cam a2200193 a 4500 | ||
|---|---|---|---|
| 020 | _a083480249X : | ||
| 040 | _cDLC | ||
| 082 | 0 | 0 | _a952 TEN 1992 A100 Or. |
| 100 | 1 | _aLouis, Lisa, | |
| 245 | 1 | 0 |
_aButterflies of the night : _bmama-sans, geisha, strippers, and the Japanese men they serve / |
| 250 | _a1st ed. | ||
| 260 |
_aNew York : _bTengu Books, _c1992. |
||
| 300 |
_a214 p. ; _c25 cm. |
||
| 650 | 0 | _aBars (Drinking establishments) | |
| 650 | 0 | _aEntertaining | |
| 650 | 0 | _aCocktail servers | |
| 650 | 0 | _aGeishas | |
| 942 | _cEK | ||
| 999 |
_c11883 _d11883 |
||